| 000 | 00984cam a2200277 a 4500 | ||
|---|---|---|---|
| 001 | 4005536 | ||
| 003 | ARRUPE | ||
| 005 | 20160223105738.0 | ||
| 008 | 960506r19951993enk b 001 0 eng | ||
| 010 | _a 96144870 | ||
| 020 | _a1857285530 | ||
| 040 |
_aDLC _cDLC _dDLC |
||
| 050 | 0 | 0 |
_aB2430.F724 _bA6 1995 |
| 082 | 0 | 0 |
_a194 _221 |
| 100 | 1 |
_aMcHoul, A. W. _922386 |
|
| 245 | 1 | 2 |
_aA Foucault primer : _bdiscourse, power, and the subject / _cAlec McHoul and Wendy Grace. |
| 260 |
_aLondon : _bUCL Press, _c1995. |
||
| 300 |
_axiii, 140 p. ; _c22 cm. |
||
| 500 | _aOriginally published: Melbourne, Australia : Melbourne University Press, 1993. | ||
| 504 | _aIncludes bibliographical references (p. 126-132) and index. | ||
| 600 | 1 | 0 |
_aFoucault, Michel, _d1926-1984. _922387 |
| 700 | 1 |
_aGrace, Wendy. _922388 |
|
| 906 |
_a7 _bcbc _corignew _d3 _encip _f19 _gy-gencatlg |
||
| 942 |
_2lcc _cMONOGRAPH |
||
| 999 |
_c124204 _d124204 |
||